| 000 | 00425nam a2200157 i 4500 | ||
|---|---|---|---|
| 001 | 74051 | ||
| 003 | ES-MaACL | ||
| 005 | 20230906172012.0 | ||
| 007 | t| | ||
| 008 | 040914s1959 sp ||||1| spa d | ||
| 100 | 1 |
_aGonzález, Miguel. _958367 |
|
| 245 | 1 | 0 |
_aAmhor _b: (poemas unidos) / _cMiguel González. |
| 260 |
_a[S.l. : _bs.n., _c1959] ( _fUrania) |
||
| 300 |
_a95 p. ; _c17 cm. |
||
| 852 |
_aES-MaACL _jC-16725 _bR.44299 |
||
| 999 |
_c74051 _d74051 |
||